Firmy a kapitálový trh

Z obsahu prílohy: Svet firiem očami slov. a čes. médií. Aktivity Fondu národného majetku SR v tomto roku - predaj majetku za 5,5 mld SK. Fondoví manažéri predpovedajú ďalší cenový pokles na východoeurópskych trhoch. Poľsko plánuje rýchly prechod na konvertibilnú menu. Priebežná aukcia RM-Systému Slo...

Descripción completa

Guardado en:
Detalles Bibliográficos
Formato: Capítulo de libro
Lenguaje:eslovaco
Materias:
Etiquetas: Agregar Etiqueta
Sin Etiquetas, Sea el primero en etiquetar este registro!

MARC

LEADER 00000naa a2200000 4500
001 r018607
005 20221213100827.4
041 0 |a slo 
044 |a SK 
245 1 0 |a Firmy a kapitálový trh 
520 |a Z obsahu prílohy: Svet firiem očami slov. a čes. médií. Aktivity Fondu národného majetku SR v tomto roku - predaj majetku za 5,5 mld SK. Fondoví manažéri predpovedajú ďalší cenový pokles na východoeurópskych trhoch. Poľsko plánuje rýchly prechod na konvertibilnú menu. Priebežná aukcia RM-Systému Slovakia (3.4.-7.4.1995). Komodity na svetových trhoch. Burza cenných papierov v Bratislave. 
610 2 0 |a firmy 
610 2 0 |a trh kapitálový 
610 2 0 |a FNM SR Bratislava 
610 2 0 |a papiere cenné 
610 2 0 |a obchody burzové 
610 2 0 |a komodity 
610 2 0 |a RM-Systém Slovakia 
610 2 0 |a BCP Bratislava